[Event "Titled Tuesday intern op 17th May Late"]
[Site "Chess.com INT"]
[Date "2022.05.17"]
[Round "9"]
[White "Jobava, Baadur"]
[Black "Jones, Gawain C B"]
[Result "1-0"]
[WhiteElo "2600"]
[BlackElo "2669"]
[PlyCount "123"]
[EventDate "2022.05.17"]
[EventType "swiss (blitz)"]
[EventRounds "11"]
[EventCountry "USA"]
[SourceTitle "CBM 208 Extra"]
[Source "ChessBase"]
[SourceDate "2022.07.31"]
[SourceVersion "1"]
[SourceVersionDate "2022.07.31"]
[SourceQuality "1"]

1. b3 g6 2. Bb2 Nf6 3. c4 Bg7 4. g3 O-O 5. Bg2 c5 6. Nf3 Nc6 7. O-O d5 8. cxd5 Qxd5 9. Nc3 Qh5 10. Rc1 Bh3 11. e3 $146 ({RR} 11. d3 Rac8 12. Re1 Ng4 13. Na4 Nd4 14. Bxd4 cxd4 15. Rxc8 Rxc8 16. Qb1 Bxg2 17. Kxg2 b5 18. Nb2 Bh6 19. h3 Nf6 20. Nxd4 Qd5+ 21. Nf3 e5 22. e4 Qc5 23. d4 exd4 24. Nd3 Qc3 25. g4 Bg7 {Gorodetzky,D (2496)-Kostiukov,A (2271) Chess.com INT 2022 1-0 (32)}) ({RR} 11. Bxh3 Qxh3 12. Ng5 Qf5 13. f4 Rad8 14. Qc2 Qxc2 15. Rxc2 Nb4 16. Rfc1 Nxc2 17. Rxc2 b6 18. Nf3 Nd5 19. Nxd5 Rxd5 20. Bxg7 Kxg7 21. Kf2 h6 22. e3 g5 23. Ke2 g4 24. Ne5 h5 25. Nc6 Rd7 {Kazakouski,V (2539)-Vokhidov,S (2579) chess.com INT 2022 0-1 (42)}) ({RR} 11. Na4 b6 12. Bxh3 Qxh3 13. Rc4 Rfd8 14. Rh4 Qf5 15. Qb1 Qxb1 16. Rxb1 Nd5 17. Bxg7 Kxg7 18. d3 Ncb4 19. Rb2 Rac8 20. Kf1 b5 21. Nxc5 Rxc5 22. Ne5 f6 23. Nf3 Rc1+ 24. Kg2 a5 25. a3 Nc2 {Brancaleoni,M (2180)-Sanchez Enriquez,O (2324) chess.com INT 2025 0-1 (33)}) 11... Ng4 12. Na4 Bxb2 13. Rxc5 Nge5 14. Nxe5 Bxg2 15. Nxc6 Qh3 16. Nxe7+ Kh8 17. Nxb2 Rfe8 18. Nd5 g5 19. Nd3 Bxf1 20. Qxf1 Qxf1+ 21. Kxf1 Rac8 22. Ke2 b6 23. Rxc8 Rxc8 24. Nc3 Kg7 25. Nb4 f5 26. Nbd5 Kf7 27. d4 Ke6 28. Kd3 Kd6 29. a4 Re8 30. b4 Re6 31. h4 gxh4 32. gxh4 Rh6 33. Nf4 Rxh4 34. Nb5+ Kd7 35. Nxa7 Rh2 36. Ke2 Rh1 37. Nb5 Ra1 38. Nc3 Kc6 39. Kf3 Ra3 40. Nfe2 Ra1 41. Kf4 Rf1 42. f3 h5 43. Ng3 Rc1 44. Nce2 Rc4 45. b5+ Kd7 46. Nxh5 Rxa4 47. Kxf5 Rb4 48. Nc3 Rb3 49. Nf6+ Kc8 50. Nfd5 Kb7 51. e4 Rb2 52. e5 Rd2 53. Ke4 Rh2 54. f4 Rh1 55. e6 Re1+ 56. Ne3 Rh1 57. f5 Rh8 58. Ke5 Rc8 59. Ncd5 Rc1 60. e7 Rc8 61. f6 Rh8 62. Ke6 1-0

[Event "Titled Tuesday intern op 17th May Late"]
[Site "Chess.com INT"]
[Date "2022.05.17"]
[Round "11"]
[White "Andreikin, Dmitry"]
[Black "Bluebaum, Matthias"]
[Result "1-0"]
[WhiteElo "2729"]
[BlackElo "2663"]
[PlyCount "59"]
[EventDate "2022.05.17"]
[EventType "swiss (blitz)"]
[EventRounds "11"]
[EventCountry "USA"]
[SourceTitle "CBM 208 Extra"]
[Source "ChessBase"]
[SourceDate "2022.07.31"]
[SourceVersion "1"]
[SourceVersionDate "2022.07.31"]
[SourceQuality "1"]

1. Nf3 d5 2. g3 b6 3. c4 dxc4 4. Qa4+ Nd7 5. Bg2 Bb7 6. O-O ({RR} 6. Qxc4 e6 7. Nc3 Ngf6 8. O-O a6 9. a4 Be7 10. d4 O-O 11. Bf4 c5 12. dxc5 Bxc5 13. b4 Be7 14. Rab1 a5 15. bxa5 Rxa5 16. Be3 Nd5 17. Bd4 Qa8 18. Qd3 Nc5 19. Bxc5 Rxc5 20. Nxd5 Bxd5 {Smirin,I (2561)-Zifroni,D (2446) Israel ISR 2025 ½-½}) 6... e6 7. Na3 $146 ({RR} 7. Ne5 Bxg2 8. Kxg2 Ngf6 9. Nc3 c5 10. Nxc4 a6 11. Qc6 Rc8 12. Nd6+ Bxd6 13. Qxd6 Qe7 14. Qxe7+ Kxe7 15. Rb1 Nd5 16. Nxd5+ exd5 17. d4 c4 18. f3 f5 19. e4 fxe4 20. fxe4 Rhf8 21. Re1 Rf7 {Tereick,B (2393)-Kabatianski,A (2404) Netherlands 2012 0-1 (51)}) 7... a6 8. Qxc4 Ngf6 9. b3 b5 10. Qh4 Bd6 11. Nc2 O-O 12. Bb2 h6 13. Ne3 Be7 14. Qh3 c5 15. Rad1 Qa5 16. a3 Rac8 17. g4 Nh7 18. Qg3 Rfd8 19. h4 Qc7 20. Qh3 Bxf3 21. Bxf3 Ne5 22. Be4 Nf6 23. Bb1 Nd5 24. f4 Ng6 25. f5 Ngf4 26. Qf3 Bxh4 27. fxe6 fxe6 28. Kh1 Qc6 29. Nxd5 Nxd5 30. Qf7+ 1-0

[Event "Chess.com Rapid Wk15 Swiss"]
[Site "Chess.com INT"]
[Date "2022.05.21"]
[Round "4"]
[White "Andreikin, Dmitry"]
[Black "Bluebaum, Matthias"]
[Result "1-0"]
[WhiteElo "2729"]
[BlackElo "2663"]
[PlyCount "49"]
[EventDate "2022.05.21"]
[EventType "swiss (rapid)"]
[EventRounds "9"]
[EventCountry "USA"]
[SourceTitle "CBM 208 Extra"]
[Source "ChessBase"]
[SourceDate "2022.07.31"]
[SourceVersion "1"]
[SourceVersionDate "2022.07.31"]
[SourceQuality "1"]

1. Nf3 d5 2. g3 b6 3. b4 $146 ({RR} 3. c4 dxc4 4. Qa4+ Nd7 5. Bg2 Bb7 6. O-O e6 7. Ne5 Bxg2 8. Kxg2 Ngf6 9. Nc3 c5 10. Nxc4 a6 11. Qc6 Rc8 12. Nd6+ Bxd6 13. Qxd6 Qe7 14. Qxe7+ Kxe7 15. Rb1 Nd5 16. Nxd5+ exd5 17. d4 c4 {Tereick,B (2393)-Kabatianski,A (2404) Netherlands 2012 0-1 (51)}) ({RR} 3. a4 Bb7 4. Bg2 Nf6 5. O-O e6 6. d3 Be7 7. e4 dxe4 8. Nfd2 O-O 9. Nc3 Nbd7 10. a5 a6 11. axb6 cxb6 12. Ncxe4 Qc7 13. c3 b5 14. Re1 a5 15. d4 Bd5 16. Nxf6+ Nxf6 17. Bxd5 Nxd5 {Rapport,R (2752)-Duda,J (2732) Zagreb CRO 2023 0-1 (56)}) ({RR} 3. d4 Bb7 4. Bg2 Nd7 5. c4 dxc4 6. Na3 e5 7. Nxc4 exd4 8. O-O c5 9. e3 Ngf6 10. exd4 Be7 11. Nfe5 Bxg2 12. Kxg2 Nxe5 13. dxe5 Qd5+ 14. Qf3 Qxf3+ 15. Kxf3 Nd7 16. Bf4 g5 17. Be3 O-O {Senthil,M (2398)-Varga,C (2198) Budapest HUN 2025 ½-½ (67)}) ({RR} 3. c4 dxc4 4. Qa4+ Nd7 5. Bg2 Bb7 6. O-O e6 7. Na3 a6 8. Qxc4 Ngf6 9. b3 b5 10. Qh4 Bd6 11. Nc2 O-O 12. Bb2 h6 13. Ne3 Be7 14. Qh3 c5 15. Rad1 Qa5 16. a3 Rac8 17. g4 Nh7 {Andreikin,D (2729)-Bluebaum,M (2663) Chess.com INT 2022 1-0}) 3... e5 4. Nxe5 Bxb4 5. c4 Bd6 6. Bb2 Qe7 7. Qa4+ Kf8 8. d4 f6 9. Nf3 dxc4 10. Qxc4 Ba6 11. Qc2 Nh6 12. Bg2 Nc6 13. O-O Nb4 14. Qb3 Bxe2 15. Re1 Nd3 16. Nc3 Nxe1 17. Rxe1 Bxf3 18. Rxe7 Bxg2 19. Rxc7 Bxc7 20. Ba3+ Ke8 21. Qe6+ Kd8 22. Be7+ Ke8 23. Bxf6+ Kf8 24. Qe7+ Kg8 25. Qxg7# 1-0

[Event "Chess.com Rapid Wk15 Swiss"]
[Site "Chess.com INT"]
[Date "2022.05.21"]
[Round "7"]
[White "Nakamura, Hikaru"]
[Black "Maghsoodloo, Parham"]
[Result "1-0"]
[WhiteElo "2766"]
[BlackElo "2699"]
[PlyCount "87"]
[EventDate "2022.05.21"]
[EventType "swiss (rapid)"]
[EventRounds "9"]
[EventCountry "USA"]
[SourceTitle "CBM 208 Extra"]
[Source "ChessBase"]
[SourceDate "2022.07.31"]
[SourceVersion "1"]
[SourceVersionDate "2022.07.31"]
[SourceQuality "1"]

1. Nf3 Nf6 2. b3 b5 3. e4 Nxe4 4. Bxb5 Bb7 5. d4 e6 6. O-O Be7 7. Bd3 $146 ({RR} 7. Re1 O-O 8. Bd3 f5 9. Nfd2 Nxd2 10. Bxd2 Bf6 11. c3 Nc6 12. Kh1 Ne7 13. f4 Rc8 14. Na3 c5 15. dxc5 Rxc5 16. Rc1 Rc8 17. Nb5 Qb6 18. Be3 Qc6 19. Bf1 Ra8 20. Nxa7 Qd5 21. c4 Qa5 {Yue,T (2047)-Anurag,J (1923) chess.com INT 2025 0-1 (41)}) 7... O-O 8. c4 f5 9. Re1 Bf6 10. Nbd2 Nxd2 11. Bxd2 Bxf3 12. Qxf3 Nc6 13. Rad1 Nxd4 14. Qh3 c5 15. b4 Qc7 16. a3 Nb3 17. Bxf5 exf5 18. Qxb3 f4 19. Qf3 Bd4 20. Qd5+ Kh8 21. Re7 Rad8 22. Rde1 Qc6 23. R7e4 f3 24. Bg5 Qg6 25. g3 Rde8 26. Rxe8 Rxe8 27. Rxe8+ Qxe8 28. Qxf3 cxb4 29. axb4 Qe1+ 30. Kg2 h6 31. Bf4 Bc3 32. b5 Bd4 33. Be3 Bxe3 34. Qxe3 Qb1 35. h4 Qa2 36. Qe8+ Kh7 37. Qe4+ Kh8 38. c5 Qa5 39. Qe8+ Kh7 40. Qxd7 Qb4 41. Qd3+ Kh8 42. c6 Qc5 43. Qd8+ Kh7 44. c7 1-0

[Event "Warsaw Superbet Classic Blitz"]
[Site "Warsaw"]
[Date "2022.05.23"]
[Round "15.3"]
[White "Rapport, Richard"]
[Black "Gavrilescu, David"]
[Result "1-0"]
[WhiteElo "2776"]
[BlackElo "2518"]
[PlyCount "57"]
[EventDate "2022.05.22"]
[EventType "tourn (blitz)"]
[EventRounds "18"]
[EventCountry "POL"]
[EventCategory "19"]
[SourceTitle "CBM 208 Extra"]
[Source "ChessBase"]
[SourceDate "2022.07.31"]
[SourceVersion "1"]
[SourceVersionDate "2022.07.31"]
[SourceQuality "1"]

1. Nc3 d5 2. e3 Nf6 3. Nf3 c5 4. Bb5+ Bd7 5. Qe2 Nc6 6. O-O g6 7. Bxc6 Bxc6 8. Ne5 Qc7 9. Nxc6 $146 ({RR} 9. f4 Bg7 10. Nb5 Qb6 11. c4 Bxb5 12. cxb5 c4 13. a4 O-O 14. d3 cxd3 15. Qxd3 Rfd8 16. Bd2 Ne4 17. Bb4 Qe6 18. Qa3 Nd6 19. Kh1 Rac8 20. Bc3 f6 21. Nf3 Nc4 22. Qb3 Qe4 23. Rfe1 Kh8 {Langaditis,S (1775)-Straenger,P (1872) Ruhrgebiet 2010 1-0 (34)}) 9... Qxc6 10. d3 Bg7 11. e4 dxe4 12. dxe4 O-O 13. Bg5 Rfd8 14. Rad1 a6 15. a4 Rd4 16. e5 Nd5 17. Nxd5 Qxd5 18. c3 Rxd1 19. Rxd1 Qxe5 20. Qxe5 Bxe5 21. Bxe7 b5 22. axb5 axb5 23. Bxc5 h5 24. g3 Ra2 25. Rb1 g5 26. Kf1 Kh7 27. Ke1 Kg6 28. Kd2 Kf5 29. Ba3 1-0

[Event "Titled Tuesday intern op 24th May Late"]
[Site "Chess.com INT"]
[Date "2022.05.24"]
[Round "11"]
[White "Keymer, Vincent"]
[Black "Hansen, Eric"]
[Result "1-0"]
[WhiteElo "2667"]
[BlackElo "2606"]
[PlyCount "65"]
[EventDate "2022.05.24"]
[EventType "swiss (blitz)"]
[EventRounds "11"]
[EventCountry "USA"]
[SourceTitle "EXT 2023"]
[Source "ChessBase"]
[SourceDate "2022.10.05"]
[SourceVersion "1"]
[SourceVersionDate "2022.10.05"]
[SourceQuality "1"]

1. Nf3 d5 2. e3 Bg4 3. c4 e6 4. cxd5 exd5 5. Qb3 Bc8 6. Nc3 Nf6 7. d4 c6 8. Bd3 Bd6 9. O-O O-O 10. a3 $146 ({RR} 10. e4 dxe4 11. Nxe4 Nxe4 12. Bxe4 Nd7 13. Bg5 Qb6 14. Qc2 h6 15. Bh4 Qa5 16. Rfe1 Qh5 17. Bg3 Bxg3 18. hxg3 Nf6 19. Qc5 Bg4 20. Qxh5 Bxh5 21. Bf5 Bxf3 22. gxf3 Rfe8 23. Kf1 Rad8 24. Rad1 Rxe1+ {Johnson,B (2021)-Legenia,A (2092) chess.com INT 2023 0-1 (43)}) 10... Re8 11. Qc2 Qe7 12. Nd2 Ng4 13. h3 Nh2 14. Re1 Qg5 15. Kh1 Qh4 16. Kg1 Re6 17. Nf1 Nxf1 18. Rxf1 Rf6 19. e4 Bxh3 20. e5 Bg4 21. f3 Bc7 22. Bxh7+ Qxh7 23. Qxh7+ Kxh7 24. exf6 Be6 25. fxg7 Kxg7 26. Be3 Nd7 27. Kf2 b5 28. Rae1 Nb6 29. Rh1 a5 30. Bh6+ Kg8 31. Rh4 b4 32. Bg5 bxc3 33. Bf6 1-0

[Event "Titled Tuesday intern op 24th May Late"]
[Site "Chess.com INT"]
[Date "2022.05.24"]
[Round "11"]
[White "Nakamura, Hikaru"]
[Black "Paravyan, David"]
[Result "1-0"]
[WhiteElo "2766"]
[BlackElo "2617"]
[PlyCount "93"]
[EventDate "2022.05.24"]
[EventType "swiss (blitz)"]
[EventRounds "11"]
[EventCountry "USA"]
[SourceTitle "EXT 2023"]
[Source "ChessBase"]
[SourceDate "2022.10.05"]
[SourceVersion "1"]
[SourceVersionDate "2022.10.05"]
[SourceQuality "1"]

1. Nf3 Nf6 2. b3 c5 3. Bb2 Nc6 4. e3 g6 5. d4 cxd4 6. Nxd4 Nxd4 7. Bxd4 Bg7 8. Be2 O-O 9. O-O b6 $146 ({RR} 9... d5 10. Nd2 Qd6 11. c4 Rd8 12. cxd5 Qxd5 13. Bf3 Qf5 14. Rc1 Ne8 15. Rc5 e5 16. Nc4 f6 17. Rd5 Rxd5 18. Bxd5+ Kh8 19. Bc5 Qd7 20. Bf3 Rb8 21. Bxa7 Ra8 22. Nb6 Qxd1 23. Rxd1 Rxa7 24. Rd8 {Firouzja,A (2760)-Abasov,N (2632) Toronto CAN 2024 1-0}) ({RR} 9... d5 10. Nd2 Bf5 11. f4 Ne4 12. Nxe4 Bxe4 13. Bxg7 Kxg7 14. Qd4+ Kg8 15. c4 Qb6 16. c5 Qc7 17. b4 e5 18. Qxe5 Qxe5 19. fxe5 Rfe8 20. Rac1 Rxe5 21. Rfd1 Rc8 22. a4 Kf8 23. a5 Ke7 24. a6 {Soham,K (2430)-Namitbir,S (2347) Moscow RUS 2025 ½-½ (36)}) 10. Bf3 Rb8 11. c4 Bb7 12. Nc3 d6 13. Bxb7 Rxb7 14. Qf3 Rd7 15. e4 Qa8 16. Rad1 Rfd8 17. Rfe1 Ne8 18. Bxg7 Kxg7 19. Nd5 e6 20. Qc3+ Kg8 21. Nf4 Qc6 22. Qe3 b5 23. cxb5 Qxb5 24. Rc1 a5 25. Ne2 Rc7 26. Rxc7 Nxc7 27. Rc1 Na6 28. Nd4 Qb7 29. Nc6 Ra8 30. Nxa5 Qb5 31. Nc4 Rd8 32. Qd4 e5 33. Qd2 Nc5 34. f3 Ne6 35. Ne3 Nf4 36. Kh1 Ra8 37. h3 Kg7 38. Qxd6 Rxa2 39. Ng4 Ne6 40. Qe7 h5 41. Qf6+ Kh7 42. Qxf7+ Ng7 43. Nf6+ Kh6 44. Ng8+ Kh7 45. Ne7 Qb6 46. Qg8+ Kh6 47. h4 1-0

[Event "Chess.com Rapid Wk16 Swiss"]
[Site "Chess.com INT"]
[Date "2022.05.28"]
[Round "4"]
[White "Nakamura, Hikaru"]
[Black "Le, Quang Liem"]
[Result "1-0"]
[WhiteElo "2766"]
[BlackElo "2709"]
[PlyCount "141"]
[EventDate "2022.05.28"]
[EventType "swiss (rapid)"]
[EventRounds "9"]
[EventCountry "USA"]
[SourceTitle "CBM 208 Extra"]
[Source "ChessBase"]
[SourceDate "2022.07.31"]
[SourceVersion "1"]
[SourceVersionDate "2022.07.31"]
[SourceQuality "1"]

1. Nf3 Nf6 2. b3 d5 3. e3 Bg4 4. Bb2 e6 5. d3 ({RR} 5. d4 Nbd7 6. Be2 Bd6 7. Nbd2 O-O 8. O-O c6 9. Ne5 Bf5 10. Ndf3 Ne4 11. Nxd7 Qxd7 12. Ne5 Qc7 13. f3 Nf6 14. Bd3 a5 15. Qe2 Bxd3 16. Qxd3 a4 17. c4 Rfd8 18. f4 Ne4 19. Rfc1 Qe7 {Ayushh,R (1953)-Le Tuan Minh (2564) chess.com INT 2024 0-1 (45)}) 5... h6 ({RR} 5... a5 6. a3 Nbd7 7. Nbd2 Bd6 8. h3 Bxf3 9. Nxf3 O-O 10. Be2 c6 11. O-O Qe7 12. c4 Rfd8 13. Qc2 Nf8 14. e4 dxe4 15. dxe4 e5 16. c5 Bxc5 17. Nxe5 Bd4 18. Bxd4 Rxd4 19. Nf3 Rxe4 20. Bd3 {Topalov,V (2793)-Aronian,L (2813) Stavanger 2013 0-1 (33)}) ({RR} 5... a5 6. a3 a4 7. b4 c5 8. bxc5 Bxc5 9. Nbd2 Nc6 10. d4 Be7 11. c4 O-O 12. cxd5 exd5 13. Bd3 Qa5 14. O-O b5 15. Qb1 b4 16. Ne5 Nxe5 17. dxe5 bxa3 18. exf6 axb2 19. fxe7 Rfb8 20. e8=Q+ {Nakamura,H (2736)-Le,Q (2709) Chess.com INT 2022 1-0 (37)}) 6. Nbd2 Be7 $146 ({RR} 6... c5 7. h3 Bf5 8. d4 Nc6 9. Bb5 Qb6 10. Bxc6+ bxc6 11. dxc5 Bxc5 12. O-O Be7 13. Ne5 O-O 14. c4 Rfd8 15. cxd5 exd5 16. Qf3 Be6 17. Rfc1 Rac8 18. Rc2 c5 19. Rac1 a5 20. Qf4 Bd6 21. Qh4 {Omoifo,O (2106)-Dolzhikova,O (2126) Caleta 2016 ½-½ (47)}) 7. h3 Bh5 8. g3 O-O 9. Bg2 a5 10. a3 a4 11. b4 c5 12. bxc5 Bxc5 13. O-O Nc6 14. d4 Be7 15. c4 Qa5 16. Qb1 Bg6 17. Qa2 Ne4 18. cxd5 exd5 19. Nxe4 Bxe4 20. Rfc1 Rfc8 21. Bc3 Qd8 22. Nd2 Bxg2 23. Kxg2 b5 24. Rab1 Rab8 25. Nf3 Qd6 26. Bd2 Qxa3 27. Qxd5 Qd3 28. Rb2 a3 29. Rbc2 Na7 30. Rc7 Rxc7 31. Rxc7 Rd8 32. Qa2 Nc8 33. Bb4 Re8 34. Ne5 Qf5 35. Qxa3 Qe4+ 36. Nf3 Bxb4 37. Qxb4 Nb6 38. Qxb5 Nd5 39. Rc5 Rd8 40. Qb3 Nf6 41. Qc2 Qa8 42. Re5 Rc8 43. Rc5 Rb8 44. Rc6 Nd5 45. Rc5 Nf6 46. Rc4 Ne4 47. d5 f5 48. Rxe4 fxe4 49. Qxe4 Rd8 50. Qe6+ Kh8 51. e4 Re8 52. Qg6 Rf8 53. Nd4 Rf6 54. Qg4 Qa2 55. Qc8+ Kh7 56. Qc2 Qxc2 57. Nxc2 Ra6 58. Kf3 Kg6 59. Nd4 Kf6 60. Nc6 Ra3+ 61. Kg4 g6 62. e5+ Kf7 63. f4 h5+ 64. Kh4 Rd3 65. d6 Ke6 66. g4 hxg4 67. hxg4 Rc3 68. Nd4+ Kd7 69. Kg5 Rc4 70. Nf3 Ke6 71. Nh4 1-0

[Event "Titled Tuesday intern op 31st May Early"]
[Site "Chess.com INT"]
[Date "2022.05.31"]
[Round "3"]
[White "Nakamura, Hikaru"]
[Black "Xu, Yi"]
[Result "1-0"]
[WhiteElo "2766"]
[BlackElo "2507"]
[PlyCount "169"]
[EventDate "2022.05.31"]
[EventType "swiss (blitz)"]
[EventRounds "11"]
[EventCountry "USA"]
[SourceTitle "CBM 208 Extra"]
[Source "ChessBase"]
[SourceDate "2022.07.31"]
[SourceVersion "1"]
[SourceVersionDate "2022.07.31"]
[SourceQuality "1"]

1. Nf3 Nf6 2. b3 d5 3. Bb2 e6 4. g3 b6 5. Bg2 Bd6 6. c4 Bb7 7. O-O O-O 8. e3 Nbd7 9. d4 $146 ({RR} 9. Nc3 a6 10. Qe2 c5 11. Rad1 Qc7 12. Rfe1 Rad8 13. cxd5 Nxd5 14. Nxd5 Bxd5 15. d4 cxd4 16. e4 Ba8 17. Bxd4 Bb4 18. Rc1 Qb7 19. Red1 Qxe4 20. Qxa6 Nc5 21. Qxb6 Nd3 22. Ra1 Qe2 23. Nh4 Rd6 {Kozak,A (2558)-Ilkhomi,J (2145) chess.com INT 2023 1-0 (73)}) ({RR} 9. Qe2 a6 10. Rd1 Re8 11. d4 Ne4 12. Nc3 Nxc3 13. Bxc3 Nf6 14. Nd2 Qe7 15. Rac1 Ba3 16. Rc2 Red8 17. Ba1 a5 18. c5 Ba6 19. Qf3 Bd3 20. Rc3 Bf5 21. h3 Bb4 22. Rcc1 bxc5 23. g4 Bxd2 {Hamitevici,V (2423)-Asensio Ramos,E (2227) chess.com INT 2025 1-0 (55)}) 9... Qe7 10. cxd5 exd5 11. Nc3 a6 12. Qc2 Ne4 13. Nxe4 dxe4 14. Nd2 f5 15. Nc4 Rac8 16. Rac1 Bd5 17. Qe2 a5 18. Nxd6 Qxd6 19. Rc2 c6 20. Rfc1 a4 21. Rc3 axb3 22. axb3 Ra8 23. Qc2 Ra2 24. Qb1 Rfa8 25. R1c2 Nf6 26. Qc1 Qd7 27. Bf1 b5 28. h3 Qf7 29. b4 h5 30. h4 R8a6 31. Be2 Ng4 32. Ba3 Rxc2 33. Rxc2 Qa7 34. Rc3 Qb7 35. Rc5 Kh7 36. Kg2 Ra8 37. Bb2 Qd7 38. Rc3 Nf6 39. Bd1 Qd6 40. Ba3 Ra6 41. Qb2 Kh6 42. Rc1 Qd7 43. Qc3 Qa7 44. Bb2 Qd7 45. Be2 Qd6 46. Ra1 Rxa1 47. Bxa1 Qc7 48. Qa3 Qb7 49. Qa5 Qc8 50. Qa7 Qd7 51. Qb8 Qe8 52. Qf4+ Kh7 53. Qxf5+ Qg6 54. Qf4 Ng4 55. Bc3 Qf6 56. Bd1 Qxf4 57. gxf4 Nf6 58. Bd2 Kg6 59. Bc2 Kf5 60. Kg3 g6 61. Bc1 Ng4 62. Bd1 Be6 63. Be2 Kf6 64. f3 exf3 65. Bxf3 Bd5 66. e4 Bc4 67. Bxg4 hxg4 68. Kxg4 Be2+ 69. Kg3 Bd3 70. Kf3 Bc2 71. Bb2 Ke6 72. Ke3 Bb1 73. Bc3 Bc2 74. h5 gxh5 75. f5+ Kf6 76. d5+ Ke7 77. dxc6 Kd6 78. Kf4 Kxc6 79. e5 Kd7 80. Be1 Ke7 81. Bh4+ Kf7 82. e6+ Ke8 83. f6 Bb3 84. Ke5 Bc4 85. Bg5 1-0

[Event "Titled Tuesday intern op 31st May Late"]
[Site "Chess.com INT"]
[Date "2022.05.31"]
[Round "3"]
[White "Oparin, Grigoriy"]
[Black "Kosteniuk, Alexandra"]
[Result "1-0"]
[WhiteElo "2685"]
[BlackElo "2513"]
[PlyCount "51"]
[EventDate "2022.05.31"]
[EventType "swiss (blitz)"]
[EventRounds "11"]
[EventCountry "USA"]
[SourceTitle "CBM 208 Extra"]
[Source "ChessBase"]
[SourceDate "2022.07.31"]
[SourceVersion "1"]
[SourceVersionDate "2022.07.31"]
[SourceQuality "1"]

1. g3 d5 2. Nf3 Nf6 3. Bg2 b6 4. O-O Bb7 5. d4 ({RR} 5. b3 g6 6. Bb2 Bg7 7. c4 dxc4 8. bxc4 c5 9. d3 O-O 10. Nbd2 Nc6 11. Ne5 Qc7 12. a4 Nxe5 13. Bxe5 Qxe5 14. Bxb7 Rab8 15. Bf3 Ne8 16. Ra3 a5 17. Rb3 Nc7 18. Qb1 Qe6 19. Ne4 Na6 {Duda,J (2756)-Wojtaszek,R (2700) Bydgoszcz 2021 0-1 (44)}) 5... g6 ({RR} 5... Ne4 6. c4 e6 7. cxd5 exd5 8. Nc3 Nxc3 9. bxc3 Bd6 10. Ne5 f6 11. Nc4 Be7 12. Ne3 c6 13. Nf5 O-O 14. a4 Re8 15. Nxe7+ Qxe7 16. Ba3 Qxe2 17. Qxe2 Rxe2 18. Rfe1 Rxe1+ 19. Rxe1 Nd7 20. Re7 {Baloglu,D (1944)-Nersissian,G (2035) chess.com INT 2025 ½-½ (57)}) 6. c4 $146 ({RR} 6. b3 Bg7 7. Bb2 O-O 8. Nbd2 Nbd7 9. c4 e6 10. e3 Ne4 11. Nxe4 dxe4 12. Nd2 f5 13. f3 exf3 14. Bxf3 Bxf3 15. Nxf3 g5 16. Qe2 g4 17. Nd2 c5 18. e4 Qg5 19. Rf4 cxd4 20. exf5 exf5 {Baskakov,E-Sukhinin,A (1988) Nizhnij Novgorod 2012 ½-½ (40)}) 6... Bg7 7. cxd5 Bxd5 8. Nc3 Bb7 9. Re1 O-O 10. e4 c5 11. d5 Na6 12. Bf4 h6 13. Qe2 g5 14. Be5 Nb4 15. Rad1 Ba6 16. Nb5 Qd7 17. a4 Rac8 18. Bc3 Rfd8 19. Ne5 Qe8 20. Bxb4 cxb4 21. Nc6 Rd7 22. e5 Nxd5 23. e6 Rd6 24. Nxd6 Bxe2 25. Nxe8 Bxd1 26. Bxd5 1-0

[Event "Titled Tuesday intern op 31st May Late"]
[Site "Chess.com INT"]
[Date "2022.05.31"]
[Round "10"]
[White "Ibarra Jerez, Jose Carlos"]
[Black "Kollars, Dmitrij"]
[Result "1-0"]
[WhiteElo "2570"]
[BlackElo "2635"]
[PlyCount "79"]
[EventDate "2022.05.31"]
[EventType "swiss (blitz)"]
[EventRounds "11"]
[EventCountry "USA"]
[SourceTitle "CBM 208 Extra"]
[Source "ChessBase"]
[SourceDate "2022.07.31"]
[SourceVersion "1"]
[SourceVersionDate "2022.07.31"]
[SourceQuality "1"]

1. Nf3 Nf6 2. g3 g6 3. b3 Bg7 4. Bb2 O-O 5. Bg2 d5 6. c4 Nc6 7. cxd5 Nxd5 8. d4 $146 ({RR} 8. Bxg7 Kxg7 9. d4 Bg4 10. O-O Nb6 11. e3 e5 12. dxe5 Qxd1 13. Rxd1 Nxe5 14. Nbd2 Nxf3+ 15. Nxf3 Rad8 16. h3 Bxf3 17. Bxf3 c6 18. h4 Kf6 19. Kf1 Ke5 20. Ke2 f5 21. Rac1 Ke6 22. b4 a6 {Romero Pallares,D (2275)-Kilic,E (2418) chess.com INT 2023 0-1 (60)}) ({RR} 8. Bxg7 Kxg7 9. d4 Bf5 10. O-O Ndb4 11. Na3 a5 12. Qc1 Be4 13. Rd1 e6 14. Qb2 Qf6 15. Rd2 Rfd8 16. Rad1 a4 17. Nb5 axb3 18. axb3 Ra2 19. Qc3 Rxd2 20. Rxd2 Nd5 21. Qb2 Ra8 22. Kh1 Ra5 {Grischuk,A (2767)-Morozevich,A (2665) Moscow 2018 0-1 (33)}) ({RR} 8. Bxg7 Kxg7 9. d4 Bg4 10. O-O Nf6 11. h3 Bxf3 12. Bxf3 Qxd4 13. Na3 Qb4 14. Nc2 Qb6 15. Qd2 Rad8 16. Qc3 Nd4 17. Nxd4 Rxd4 18. Bxb7 Rfd8 19. Bf3 e5 20. Rac1 e4 21. Bg2 R8d7 22. h4 Nd5 {Blanco Diez,D (2290)-Cuenca Jimenez,J (2479) chess.com INT 2025 1-0 (58)}) 8... Bg4 9. Nbd2 Nb6 10. h3 Be6 11. e3 Qc8 12. Ne4 Bd5 13. Nc3 Bxf3 14. Bxf3 Rd8 15. Qe2 Qf5 16. Be4 Qd7 17. Bg2 e5 18. d5 Ne7 19. Rd1 Nbc8 20. O-O Nd6 21. e4 h5 22. h4 a6 23. Kh2 Nec8 24. Bh3 Qe7 25. a4 Na7 26. Ba3 Qe8 27. Rc1 Bf8 28. Bb2 Bg7 29. Nd1 c6 30. Ne3 Bh6 31. Qf3 Bxe3 32. Qxe3 Qe7 33. Rcd1 Ne8 34. f4 exf4 35. Qxf4 cxd5 36. Qh6 f6 37. Qxg6+ Qg7 38. Be6+ Kh8 39. Qxh5+ Qh7 40. Rxf6 1-0

[Event "MPL Indian Chess Tour N2"]
[Site "chess24.com INT"]
[Date "2022.06.04"]
[Round "9"]
[White "Aravindh, Chithambaram VR"]
[Black "Sadhwani, Raunak"]
[Result "1-0"]
[WhiteElo "2606"]
[BlackElo "2619"]
[PlyCount "65"]
[EventDate "2022.06.02"]
[EventType "tourn (rapid)"]
[EventRounds "15"]
[EventCountry "IND"]
[EventCategory "13"]
[SourceTitle "CBM 208 Extra"]
[Source "ChessBase"]
[SourceDate "2022.07.31"]
[SourceVersion "1"]
[SourceVersionDate "2022.07.31"]
[SourceQuality "1"]

1. Nf3 d5 2. c4 d4 3. b4 c5 4. e3 Nf6 5. exd4 cxd4 6. Bb2 e5 ({RR} 6... Bg4 7. Qa4+ Nbd7 8. Nxd4 e5 9. Nc2 a5 10. Bxe5 axb4 11. Bxf6 Be7 12. Qxb4 Nxf6 13. c5 O-O 14. Nc3 Re8 15. Ne3 Rc8 16. Bb5 Bxc5 17. Qb2 Re6 18. O-O Rd6 19. d3 Bxe3 20. fxe3 Qb6 21. Rac1 {Cifka,S (2406)-Haba,P (2425) Czech Republic CZE 2025 0-1 (41)}) 7. Nxe5 Bd6 8. Nf3 $146 ({RR} 8. Nd3 O-O 9. Be2 Re8 10. O-O Qc7 11. h3 Qxc4 12. Na3 Qd5 13. Re1 Nc6 14. Bf3 Rxe1+ 15. Qxe1 Qg5 16. Nc4 Nxb4 17. Nxd6 Nxd3 18. Qe7 Be6 19. Bxd4 Nf4 20. Bxf6 gxf6 21. Ne4 Nxh3+ 22. Kf1 Qe5 {Almonti,A (1976)-Cichy,K (2106) Berlin 2019 ½-½ (41)}) 8... O-O 9. Bxd4 Nc6 10. Be3 Nxb4 11. a3 Nc6 12. Be2 Re8 13. Nc3 Bf5 14. O-O Ng4 15. Bg5 Qd7 16. d4 h6 17. Bh4 g5 18. Bg3 Bxg3 19. hxg3 Nf6 20. d5 Ne5 21. Qd4 Nfg4 22. Nxe5 Nxe5 23. c5 a6 24. Rfe1 Rac8 25. Bf1 Qc7 26. Ne4 Bxe4 27. Rxe4 Nd7 28. Rxe8+ Rxe8 29. Rc1 b6 30. c6 Nc5 31. Qf6 Ne4 32. Qxh6 Qe7 33. c7 1-0